| 000 | 00398nam a22001577a 4500 | ||
|---|---|---|---|
| 005 | 20180206115849.0 | ||
| 008 | 160427b xxu||||| |||| 00| 0 eng d | ||
| 020 | _a81-702-939-X | ||
| 041 | _aeng | ||
| 082 |
_b00270 _a005.133 |
||
| 100 |
_aFarrar, Edward and Smith, Norman, E. _94095 |
||
| 245 | _aThe HTML Example Book | ||
| 260 |
_aNew Delhi _bBPB Publishing, _c2007 |
||
| 300 | _a492 | ||
| 942 | _cBK | ||
| 999 |
_c90 _d90 |
||